000 00622nam a2200181Ia 4500
008 151202s9999||||xx |||||||||||||| ||und||
082 _bPNVM-83366
100 _aपवार शरद / टिळक अभय.
245 _aस्पर्धा काळाशी.
260 _bरोहन प्रकाशन.
260 _c2008
300 _a268
600 _aपवार शरद / टिळक अभय.
630 _aस्पर्धा काळाशी.
700 _aपवार शरद / टिळक अभय.
730 _aस्पर्धा काळाशी.
942 _cBOOK
999 _c1348193
_d1348190